Logo BPK

Biblioteka

Politechniki Koszalińskiej

Osnovy eksploatacii i remonta avtomobilej / (Rekord nr 15380)

Szczegóły MARC
000 -ETYKIETA REKORDU
podpole kontrolne o stałej długości 00437nam a2200169 i 4500
001 - NUMER KONTROLNY REKORDU
pole kontrolne bg
040 ## - ŹRÓDŁO KATALOGOWANIA
Instytucja, która utworzyła rekord BPK
041 ## - KOD JĘZYKA
Kod języka tekstu pol
080 ## - UNIWERSALNA KLASYFIKACJA DZIESIĘTNA - UKD
UKD 656.13
008 - POLE O STAŁEJ DŁUGOŚCI - DANE KONTROLNE
podpole kontrolne o stałej długości s pl f |000 0 pol
100 1# - NAZWA OSOBOWA
Nazwa osobowa KOROLEV, A. I.
245 #0 - TYTUŁ/ODPOWIEDZIALNOŚĆ
Tytuł Osnovy eksploatacii i remonta avtomobilej /
Pozostałe elementy strefy tytułu i oznaczenia odpowiedzialności A.I. Korolev, E.A. Dżuromskaja.
250 ## - STREFA WYDANIA
Oznaczenie wydania Izd.3 pererab. i dopol.
260 ## - STREFA ADRESU WYDAWNICZEGO
Miejsce wydania Moskva,
Data publikacji, dystrybucji/powstania dokumentu 1972.
700 1# - HASŁO DODATKOWE - NAZWA OSOBOWA
Nazwa osobowa DŻUROMSKAJA, E. A.
856 ## - LOKALIZACJA I DOSTĘP DO ELEKTRONICZNYCH DOKUMENTÓW ZDALNYCH
Link (URL) http://koha.tu.koszalin.pl/cgi-bin/koha/opac-detail.pl?biblionumber=15380
Tekst linku Katalog online BPK
942 ## - DODATKOWE ELEMENTY (KOHA)
Typ dokumentu Książka
Egzemplarze
Wycofany Status egzemplarza Uszkodzony Dostępność Lokalizacja stała Lokalizacja bieżąca Miejsce przechowywania Sygnatura Kod kreskowy Typ dokumentu
      Dostępny Biblioteka Politechniki Koszalińskiej Biblioteka Politechniki Koszalińskiej Wypożyczalnia BG 16010 01733372 Książka
© 2023 Biblioteka Politechniki Koszalińskiej :: KOHA